000 00642nam a2200217Ia 4500
003 GCL
008 140319s9999 xx 000 0 ara d
040 _aGCL /
_cGCL
082 0 4 _a649
_bر د
100 1 _aرندة ابى هنا
245 1 0 _aالدليل لشخصية الطفل /
_cرندة ابى هنا
260 _a[S.N] :
_bالمؤسسة اللبنانية العربية للتوزيع ،
_c1990
300 _a143 ص
490 _a
650 0 4 _aالتربية
650 0 4 _aالاطفال
650 0 4 _aعلم نفس الطفل
650 0 4 _aالرعاية
650 0 4 _aالرعاية الذهنية
942 _2ddc
_cBK
999 _c54531
_d54531